=LDR 00000nam 2200000 4500 =001 NUTBA000000000000532 =005 20140415103957.0 =006 =007 =008 =035 ##$$a 0010-031400000000531 =040 ##$$b Ind =082 ##$$a 512 =090 ##$$a 512$bKoh c =100 ##$$a Kohn, Edward =245 ##$$a CliffsQuickReview aljabar II$Edward Kohn =260 ##$$a Bandung$bPakar Raya$c2004 =300 ##$$a 265 hlm.$bilus$c21 cm. =650 ##$$a Aljabar II =850 ##$$a NBPNMAT =990 ##$$a 00088546 =990 ##$$a 91531/BPAP-NTB/2014 =990 ##$$a 92270/BPAP-NTB/2014 =990 ##$$a 93878/BPAP-NTB/2014